Las Vegas Casinos / Hotels - Statistiken

Allgemein
  • Dieses Quiz wurde 12 mal gespielt
  • Das Durchschnittsergebnis liegt bei 11 aus 32
Antwortstatistiken
Answers % Korrekt
Bellagio
88%
Caesars Palace
50%
Circus Circus
50%
Flamingo
50%
Excalibur
50%
Luxor
50%
MGM Grand
50%
Paris
50%
The Mirage
50%
The Venetian
50%
Wynn
50%
Aria
38%
Cosmopolitan
38%
Harrah's
38%
Mandalay Bay
38%
New York New York
38%
Planet Hollywood
38%
The LINQ
38%
The STRAT
38%
Delano
25%
Encore
25%
Park MGM
25%
Sahara
25%
Treasure Island
25%
Trump
25%
Vdara
25%
Fontainebleau
13%
Hilton
13%
Horseshoe
13%
Resorts World
13%
The Cromwell
13%
The Palazzo
13%
Keine übereinstimmenden Quizze gefunden
Verteilung der Resultate
Anzahl Personen mit jedem Resultat
Perzentil nach korrekt beantworteten Fragen
Ihre Resultats-Entwicklung
Sie haben dieses Quiz noch nicht gespielt